000 00365nam a22001337a 4500
082 _a624.1821
_bRAM
_c24717
100 _aRamamrutham, S
_943141
245 _aDesign of Steel Structures.
260 _aDelhi
_bMehran Offset Press
_c1988
300 _aiv, 671p. :
_bill. :
_c6 Cm
526 _a0
_b0
_c0
_d624_182100000000000_RAM
650 _aMCE
_9379
942 _2ddc
_cBK
999 _c546946
_d546946